01090nam a2200193Ia 4500001001100000003001000011008004100021040002500062041001600087100004500103245012100148250001100269260008500280300002800365500017300393501011400566520017300680650004300853A085-34619IT-CnALBA170116s9999||||xx |||||||||||||| ||und|| aIT-CnALBAcIT-CnALBA aPOLIGLOTTA  aBOSSUET JACQUES-BENIGNE VESCOVO DI MEAUX 0aOEUVRES DE MESSIRE JACQUES-BENIGNE BOSSUET. TOME XIV. RECUEIL DE DISSERTATIONS ET LETTRES DANS LA VUE DE REUNIR LES  a1a ed. a LIEGEbLIBRAIRES (LES) ASSOCIES c1767 [1° Ed.:1767 - Ed.Ling.Originale: 1767] a582 p. (prefazione: 39) aBIBLIOTECA CANONICO CHIESA. REGOLE PER LA COMUNIONE ECCLESIALE DI TUTTI I CRISTIANI. UNITÀ TRA LA CHIESA PROTESTANTE E LA CHIESA CATTOLICA. PROGETTO DI UNIFICAZIONE.  aSocietà San Paolo EM - Piazza San Paolo, 14 - 12051 ALBA (CN) (non commercial uses only) ® Copyright 2017 aBIBLIOTECA CANONICO CHIESA. REGOLE PER LA COMUNIONE ECCLESIALE DI TUTTI I CRISTIANI. UNITÀ TRA LA CHIESA PROTESTANTE E LA CHIESA CATTOLICA. PROGETTO DI UNIFICAZIONE.  aRACCOLTE DI CARATTERE GEN. IN ITALIANO